header

Practical guide to adhesive bonding of small engineering plastic and rubber parts (Record no. 237315)

MARC details
000 -LEADER
fixed length control field 01303nam a2200349Ia 4500
082 04 - DEWEY DECIMAL CLASSIFICATION NUMBER
Classification number 668.3
100 1# - MAIN ENTRY--AUTHOR NAME
Personal name Goss, Bob.
245 10 - TITLE STATEMENT
Title Practical guide to adhesive bonding of small engineering plastic and rubber parts
260 ## - PUBLICATION, DISTRIBUTION, ETC. (IMPRINT)
Place of publication Shrewsbury :
Name of publisher iSmithers,
Year of publication 2010.
300 ## - PHYSICAL DESCRIPTION
Number of Pages vii, 181 p. :
Other physical details ill.
650 #0 - SUBJECT ADDED ENTRY--TOPICAL TERM
Topical Term Adhesives.
Topical Term Engineering
Topical Term Plastics.
Topical Term Rubber.
Topical Term Sealing (Technology)
856 40 - ELECTRONIC LOCATION AND ACCESS
Uniform Resource Identifier http://site.ebrary.com/lib/rucke/Doc?id=10420263

No items available.

© 2026 Rongo University
Contact us: librarian | system librarian | Rongo university